000 00476nam a2200181Ia 4500
008 151202s9999||||xx |||||||||||||| ||und||
082 _bPNVM-30530
100 _aSWAMI MADHAVANANDA.
245 _aTHE BRHADARANYAKA UPANISAD.
260 _bADRASITA ASHRAMA.
260 _c1965
300 _a1965
600 _aSWAMI MADHAVANANDA.
630 _aTHE BRHADARANYAKA UPANISAD.
700 _aSWAMI MADHAVANANDA.
730 _aTHE BRHADARANYAKA UPANISAD.
942 _cBOOK
999 _c1296492
_d1296489